000 00437nam a2200157 i 4500
001 bg
100 1 _aBRACH, Ignacy
245 0 _aMaszyny ciągnikowe do robót ziemnych :
_bmaszyny do robót ziemnych /
_cIgnacy Brach, Gustaw Tyro.
260 _aWarszawa :
_bWNT,
_c1986.
700 1 _aTYRO, Gustaw
040 _cBPK
041 _apol
080 _a624.1:621.86/.87:629.114.2
942 _cKS
008 s pl f |000 0 pol
999 _c2988
_d2988
856 _uhttp://koha.tu.koszalin.pl/cgi-bin/koha/opac-detail.pl?biblionumber=2988
_yKatalog online BPK